Conservación de granos en el granero / José Ma Soler Coll
Descripción Física:
56 p. : il. ; 21 cm
Materias:
Gra -- Conservació
MARC
| LEADER | 00000nam a2200000Ia 4500 | ||
|---|---|---|---|
| 001 | 7761 | ||
| 008 | 160829s1941 xx 000 0 cat d | ||
| 080 | |a C-2-131 | ||
| 100 | |a Soler i Coll, Josep M. |q (Josep Maria), |d 1893-1971 |9 33471 | ||
| 245 | |a Conservación de granos en el granero / José Ma Soler Coll | ||
| 260 | |a Barcelona : |b Diputación Provincial de Barcelona, Servicios Técnicos de Agricultura, |c 1941 | ||
| 300 | |a 56 p. : |b il. ; |c 21 cm | ||
| 490 | |a Publicaciones divulgadoras de los Servicios Técnicos de Agricultura ; 4 | ||
| 650 | |a Gra |x Conservació |9 24352 | ||
| 710 | 1 | |a Barcelona (Catalunya : Província). |b Servicios Técnicos de Agricultura |9 54614 | |
| 901 | |a Arxiu | ||
| 942 | |n 1 | ||
| 952 | |0 0 |1 0 |4 0 |6 C2131 |7 1 |9 43102 |a Arxiu |b Arxiu |d 2016-12-01 |l 0 |o C-2-131 |p 7761 |r 2016-12-01 00:00:00 |w 2016-12-01 |y ARXIU | ||
| 999 | |c 45646 |d 45646 | ||